| 000 | 00000nam##2200000za#4500 |
| 001 | 9.600875 |
| 003 | CaOODSP |
| 005 | 20210624205809 |
| 007 | cr ||||||||||| |
| 008 | 150406|2009||||xxc|||||o f|0| 0 fre|d |
| 040 | |aCaOODSP|bfre |
| 043 | |an-cn--- |
| 086 | 1 |aH173-1/1-2009F-PDF |
| 110 | 1 |aCanada.|bConseil canadien de la santé. |
| 245 | 10|aSoins de santé plus sûrs pour les Canadiens « plus malades » : |h[ressource électronique]|bcomparaisons internationales de la qualité et de la sécurité des soins de santé |
| 260 | |aToronto - Ontario : |bConseil canadien de la santé |cNovembre 2009. |
| 300 | |a13p.|bgraphiques, références, tableau |
| 490 | 1 |aLes soins de santé au Canada, c'est capital|vBulletin 1 |
| 500 | |aL’ISBN (978-1-897463-63-4) de l’édition imprimée a été incorrectement copié dans cette édition électronique. |
| 590 | |a11-07-Supp|b2011-05-17 |
| 775 | 08|tSafer health care for "sicker" Canadians : |w(CaOODSP)9.570107 |
| 830 | #0|aLes soins de santé au Canada, c'est capital ;|vBulletin 1|w(CaOODSP)9.502758 |
| 856 | 40|ahttp://publications.gc.ca|qPDF|s414 Ko|uhttps://publications.gc.ca/collections/collection_2011/ccs-hcc/H173-1-1-2009-fra.pdf|yBulletin 1 |